00465nam a2200169Ia 4500008004100000040001900041041001200060082001900072100002000091245004100111260003200152300002500184504003700209650001700246651001400263850001800277131103s9999 xx 000 0 und d aLoreto College aEnglish a922/ANTbLCLIB aCurtayne, Alice aSt. Anthony of paduacAlice Curtayne aDublinbfather Mathewc1931 a118p.b ill.c 18cm. aIncludes bibliography references aAnthony, ST. aBiography aLCLIB/922/ANT